• 首页
  • 本馆介绍
  • 公告通知
  • 最新文献
  • 馆藏检索
  • 电子资源
  • 读者导购
  • 参考咨询
  • 我的图书馆
  • 登录
  • 详细信息显示
  • 放入我的书架
  • 预约/预借图书
  • 作者相关作品
  • 分类相关作品
  • 丛书相关作品
  • 出版社相关作品

书目信息

  • 表格格式
  • 工作单格式
  • 卡片格式
题名:
中国医德史
    
 
作者: 何兆雄 主编
分册:  
出版信息: 上海   上海医科大学出版社  1988.6
页数: 343页
开本: 19厘米
丛书名:
单 册:
中图分类: R-05
科图分类:
主题词: 医药学--关系
电子资源:
ISBN: 7-5627-0011-7
000 00704nam0 2200253 45
001 0189023843
005 20040524095019.0
010    @a7-5627-0011-7@dCNY2.20
020    @aCN@b89023843
100    @a19910905d1988 m y0chiy0120 ea
101 0  @achi
102    @aCN@b310000
105    @ay j 000yy
106    @ar
200 10 @a中国医德史@Azhong guo yi de shi@f何兆雄主编@Fhe zhao xiong zhu bian
210    @a上海@c上海医科大学出版社@d1988.6
215    @a343页@d19厘米
300    @a高等医药院校教材
540 1  @a中国 医德史@Azhong guo yi de shi
606 0  @a医药学@x关系
690    @aR-05
701  0 @a何兆雄@Ahe zhao xiong@4主编
801  0 @aCN@bNLC@c19910905
905    @f1@b260186@dR-05@e6
    
    中国医德史/何兆雄主编.-上海:上海医科大学出版社,1988.6
    343页;19厘米
    高等医药院校教材
    
    ISBN 7-5627-0011-7:CNY2.20
    
●
相关链接 在E读中查询图书 在五车中查询图书 在当当中查询图书 在豆瓣中查询图书


正题名:中国医德史     索取号:R-05/6         预约/预借

序号 登录号 条形码 馆藏地/架位号 状态 备注
1 0260185   000704107   第二样本阅览室/ [索取号:R-05/6] 在馆    
2 0260186   000704090   密集书库/ [索取号:R-05/6] 在馆    
唐山师范学院图书馆 欢迎您!
大连网信软件有限公司© 版权所有